[Event "Kavala"]
[Site "?"]
[Date "2006.07.09"]
[Round "7"]
[White "Drozdovskij Yuri"]
[Black "Aroshidze Levan"]
[Result "1/2-1/2"]
[WhiteElo "2552"]
[BlackElo "2490"]
[PlyCount "123"]
[EventDate "2006.??.??"]
[Source "www.chesslib.no"]
[SourceDate "2004.05.04"]

1. d4 Nf6 2. c4 c5 3. d5 e6 4. Nc3 exd5 5. cxd5 d6 6. Nf3 g6 7. Nd2 Bg7 8. Nc4 O-O 9. Bf4 Na6 10. Qd2 b5 11. Nxd6 b4 12. Nce4 Nxe4 13. Nxe4 f5 14. Ng5 c4 15. Rc1 h6 16. Nf3 c3 17. bxc3 bxc3 18. Rxc3 Bxc3 19. Qxc3 g5 20. Bc1 Qc7 21. Qxc7 Nxc7 22. h4 g4 23. Nd4 Nxd5 24. Bxh6 Rf6 25. Bc1 Ba6 26. e3 Rc8 27. Kd2 Nc3 28. Bxa6 Rxa6 29. a3 Ne4+ 30. Ke2 Rb6 31. Nxf5 Rc5 32. f3 Nc3+ 33. Kd3 Na2 34. fxg4 Nxc1+ 35. Ke4 Re6+ 36. Kf3 Nd3 37. Rd1 Ne5+ 38. Kg3 Nf7 39. Rd7 a6 40. h5 Nh6 41. e4 Nf7 42. g5 Rxe4 43. Rxf7 Rc3+ 44. Kh2 Kxf7 45. Nd6+ Kg7 46. Nxe4 Rxa3 47. g4 a5 48. Nd6 Rb3 49. Nf5+ Kg8 50. g6 Rb7 51. h6 a4 52. g5 a3 53. g7 a2 54. g6 Rxg7 55. hxg7 a1=Q 56. Kg3 Qa4 57. Kf3 Qc4 58. Ke3 Qe6+ 59. Kf4 Qf6 60. Ke4 Qxg6 61. Ke5 Kf7 62. g8=Q+ 1/2-1/2

[Event "Gelsenkirchen op"]
[Site "Gelsenkirchen"]
[Date "2000.??.??"]
[Round "7"]
[White "Ruzele, Darius"]
[Black "Kopylov, Mihail"]
[Result "1-0"]
[WhiteElo "2525"]
[BlackElo "2428"]
[PlyCount "65"]
[EventDate "2000.??.??"]
[Source "www.chesslib.no"]
[SourceDate "2004.05.04"]

1. d4 Nf6 2. c4 c5 3. d5 e6 4. Nc3 exd5 5. cxd5 d6 6. Nf3 g6 7. Nd2 Bg7 8. Nc4 O-O 9. Bf4 Ne8 10. Qd2 b6 11. a4 a6 12. g3 Ra7 13. Bg2 Rb7 14. O-O Bf6 15. Ne4 Be7 16. Bh6 Ng7 17. Qc3 f6 18. b4 Rf7 19. Bf4 Nf5 20. Ra2 g5 21. Bc1 Ng7 22. f4 cxb4 23. Qxb4 h6 24. fxg5 hxg5 25. Ncxd6 Qc7 26. Ba3 Ne8 27. Rc1 Qxc1+ 28. Bxc1 f5 29. Qc3 Rc7 30. Qxc7 Nxc7 31. Nxc8 fxe4 32. Nxe7+ Rxe7 33. d6 1-0

[Event "Soviet Union"]
[Site "Soviet Union"]
[Date "1974.??.??"]
[Round "?"]
[White "Mochalov, Evgeny V"]
[Black "Kapengut, Albert Z"]
[Result "1/2-1/2"]
[WhiteElo "2435"]
[BlackElo "2485"]
[PlyCount "71"]
[EventDate "1974.??.??"]
[Source "www.chesslib.no"]
[SourceDate "2004.05.04"]

1. d4 Nf6 2. c4 c5 3. d5 e6 4. Nc3 exd5 5. cxd5 d6 6. Nf3 g6 7. Nd2 Bg7 8. Nc4 O-O 9. Bg5 b6 10. a4 Ba6 11. Nb5 Bxb5 12. axb5 Qc7 13. Bf4 Ne8 14. e3 Nd7 15. Be2 Ne5 16. Bxe5 Bxe5 17. Ra6 Rd8 18. O-O f5 19. Qa4 Rf7 20. Ra1 Rdd7 21. Qb3 Qd8 22. Nxe5 dxe5 23. d6 Nxd6 24. Rxa7 Rxa7 25. Rxa7 Kg7 26. Ra6 Rd7 27. g3 Nf7 28. Qc3 Kh6 29. h4 Qc7 30. b4 cxb4 31. Qxb4 Rd6 32. Qa3 Qc2 33. Rxb6 Qxe2 34. Rxd6 Nxd6 35. Qxd6 Qxb5 36. Qf6 1/2-1/2

[Event "Dornbirn"]
[Site "?"]
[Date "1989.??.??"]
[Round "?"]
[White "Danner, G."]
[Black "Moskalenko, V."]
[Result "0-1"]
[WhiteElo "2360"]
[BlackElo "2500"]
[PlyCount "84"]
[EventDate "1989.??.??"]
[Source "ChessBase"]
[SourceDate "1989.07.01"]

1. d4 Nf6 2. c4 c5 3. d5 e6 4. Nc3 exd5 5. cxd5 d6 6. Nf3 g6 7. Nd2 Bg7 8. Nc4 O-O 9. Bg5 h6 10. Bh4 Na6 11. e3 Nc7 12. a4 b6 13. Be2 Ba6 14. b3 Re8 15. O-O Qd7 16. Qd3 Rab8 17. Bg3 Bxc4 18. bxc4 Na6 19. Ra3 Nb4 20. Qb1 a6 21. h3 Qe7 22. Kh1 Nh7 23. Na2 Nxa2 24. Rxa2 Nf6 25. Bd3 b5 26. axb5 axb5 27. cxb5 Nxd5 28. Ra6 Red8 29. Bc4 Nb4 30. Ra4 Kh7 31. Rd1 d5 32. Bxb8 dxc4 33. Ra7 Qe8 34. Rxd8 Qxd8 35. Bf4 c3 36. e4 c2 37. Qb3 Qd1+ 38. Kh2 c1=Q 39. Qxf7 Qg1+ 40. Kg3 Qc3+ 41. Be3 Nd3 42. Re7 Ne1 0-1

[Event "27th Open"]
[Site "Munich GER"]
[Date "2007.10.07"]
[Round "9"]
[White "Marcelin, C."]
[Black "Jorczik, J."]
[Result "1-0"]
[WhiteElo "2514"]
[BlackElo "2333"]
[PlyCount "65"]
[EventDate "2007.09.29"]
[Source "www.chesslib.no"]
[SourceDate "2004.05.04"]

1. d4 Nf6 2. c4 c5 3. d5 e6 4. Nc3 exd5 5. cxd5 d6 6. Nf3 g6 7. Nd2 Bg7 8. e4 O-O 9. Be2 a6 10. a4 b6 11. Nc4 Ne8 12. Bf4 Nd7 13. O-O Ne5 14. Ne3 h5 15. h3 h4 16. Qd2 Ra7 17. Kh1 f5 18. exf5 gxf5 19. Nc4 Ng6 20. Bh5 Ne5 21. Be2 Ng6 22. Rfe1 Nxf4 23. Qxf4 Bf6 24. Bd3 Rg7 25. Re2 Bd4 26. Rae1 Bd7 27. Nxd6 Nxd6 28. Qxd6 f4 29. Re7 Rf6 30. Rxg7+ Kxg7 31. Re7+ Kf8 32. Re6+ Kg8 33. Ne4 1-0

[Event "Foment op"]
[Site "?"]
[Date "1998.??.??"]
[Round "?"]
[White "Moran, A."]
[Black "Narciso, M."]
[Result "1/2-1/2"]
[WhiteElo "2390"]
[BlackElo "2450"]
[PlyCount "88"]
[EventDate "1998.??.??"]
[Source "www.chesslib.no"]
[SourceDate "2004.05.04"]

1. d4 Nf6 2. c4 c5 3. d5 e6 4. Nc3 exd5 5. cxd5 d6 6. Nf3 g6 7. Nd2 Bg7 8. Nc4 O-O 9. Bg5 Qd7 10. a4 Na6 11. e3 Nb4 12. Be2 Qf5 13. Bxf6 Qxf6 14. Ne4 Qe7 15. Nexd6 Bxb2 16. Nxc8 Bc3+ 17. Kf1 Raxc8 18. Rc1 Bg7 19. d6 Qf6 20. Bg4 Rcd8 21. Qf3 Rxd6 22. Nxd6 Qxd6 23. Qxb7 Qd3+ 24. Be2 Qa3 25. Rd1 Qxa4 26. g3 c4 27. Kg2 c3 28. Ra1 Qc6+ 29. Qxc6 Nxc6 30. Rhc1 Rb8 31. Ra3 Rb2 32. Rcxc3 Bxc3 33. Rxc3 Rxe2 34. Rxc6 Rb2 35. Rc7 a5 36. Ra7 Rb5 37. h4 h5 38. Kf3 Rf5+ 39. Kg2 Kf8 40. Kg1 Ke8 41. Kg2 Rb5 42. Kf3 Rf5+ 43. Kg2 Rb5 44. Kf3 Rf5+ 1/2-1/2

[Event "Politiken Cup"]
[Site "Copenhagen"]
[Date "1982.??.??"]
[Round "8"]
[White "Brinck Claussen, Bjorn"]
[Black "Ermenkov, Evgenij"]
[Result "1-0"]
[WhiteElo "2380"]
[BlackElo "2460"]
[PlyCount "103"]
[EventDate "1982.06.??"]
[Source "www.chesslib.no"]
[SourceDate "2004.05.04"]

1. d4 Nf6 2. c4 c5 3. d5 e6 4. Nc3 exd5 5. cxd5 d6 6. Nf3 g6 7. Nd2 Bg7 8. Nc4 O-O 9. Bg5 h6 10. Bh4 b6 11. a4 Ba6 12. e3 Qe7 13. Qc2 Nbd7 14. Rd1 Bxc4 15. Bxc4 g5 16. Bg3 Nh5 17. Bd3 Rab8 18. O-O Nxg3 19. hxg3 Ne5 20. Bh7+ Kh8 21. Bf5 a6 22. Qe2 c4 23. f4 Ng6 24. Ne4 gxf4 25. exf4 b5 26. axb5 axb5 27. Qh5 b4 28. Kh2 c3 29. bxc3 bxc3 30. Rc1 Rb2 31. Nxc3 Ra8 32. Rfe1 Qf6 33. Ne4 Qd4 34. Nxd6 Qxd5 35. Nxf7+ Qxf7 36. Bxg6 Qf6 37. Be4 Rf8 38. Rc6 Qf7 39. Qxf7 Rxf7 40. Bg6 Rf6 41. Re8+ Rf8 42. Re7 Rf6 43. Rc8+ Bf8 44. f5 Kg8 45. Rh7 Rb5 46. g4 Rb4 47. Rxh6 Rxg4 48. Bh7+ Kg7 49. Rxf6 Kxf6 50. Rxf8+ Ke7 51. Rh8 Rh4+ 52. Kg3 1-0

[Event "XXII Open"]
[Site "Pola CRO"]
[Date "2008.06.24"]
[Round "4"]
[White "Jovanic, O."]
[Black "Szamoskozi, G."]
[Result "1-0"]
[WhiteElo "2504"]
[BlackElo "2297"]
[PlyCount "127"]
[EventDate "2008.06.21"]
[Source "www.chesslib.no"]
[SourceDate "2004.05.04"]

1. d4 Nf6 2. c4 c5 3. d5 e6 4. Nc3 exd5 5. cxd5 d6 6. Nf3 g6 7. Nd2 Bg7 8. Nc4 O-O 9. Bg5 b6 10. e3 Ba6 11. a4 Bxc4 12. Bxc4 Nbd7 13. O-O Ne5 14. Be2 Re8 15. h3 h6 16. Bh4 a6 17. Qc2 Qe7 18. Rae1 g5 19. Bg3 Ned7 20. Qf5 Ra7 21. Bd3 Ne5 22. Bb1 Qd7 23. Qc2 g4 24. hxg4 Qxg4 25. Ne2 Qc4 26. Qf5 Qxa4 27. Nf4 Qd7 28. Qc2 b5 29. f3 Qb7 30. Bh4 Ned7 31. g4 Re5 32. e4 Rg5 33. Bxg5 hxg5 34. Nh3 Ne5 35. Nxg5 c4 36. Qf2 a5 37. Nh3 Qd7 38. Qg2 Nd3 39. Bxd3 cxd3 40. Nf4 b4 41. Nxd3 Qb5 42. Qd2 Nd7 43. Rc1 Nc5 44. Nxc5 dxc5 45. Kg2 a4 46. Qe3 Bd4 47. Qg5+ Kf8 48. Qd8+ Kg7 49. Qg5+ Kf8 50. Rc2 Qd3 51. Rd2 Qe3 52. Qxe3 Bxe3 53. Re2 Bd4 54. Rd1 a3 55. bxa3 bxa3 56. Ra2 Bb2 57. Rd2 Rb7 58. Rd3 c4 59. Rdxa3 Bxa3 60. Rxa3 Rb2+ 61. Kg3 Rb8 62. Rc3 Rc8 63. Kf4 Ke7 64. Ke5 1-0

[Event "Prague Bohemians CSOB Cup"]
[Site "?"]
[Date "2000.??.??"]
[Round "2"]
[White "Staniszewski Piotr"]
[Black "Zvara Petr"]
[Result "1-0"]
[WhiteElo "2433"]
[BlackElo "2359"]
[PlyCount "51"]
[EventDate "2000.??.??"]
[Source "www.chesslib.no"]
[SourceDate "2004.05.04"]

1. d4 Nf6 2. c4 c5 3. d5 e6 4. Nc3 exd5 5. cxd5 d6 6. Nf3 g6 7. Nd2 Bg7 8. Nc4 O-O 9. g3 b6 10. a4 Nh5 11. Nb5 Nd7 12. Ncxd6 Ba6 13. Nc4 f5 14. Bg2 f4 15. O-O fxg3 16. hxg3 Qf6 17. Ra3 g5 18. e4 Qg6 19. Qg4 Ne5 20. Nxe5 Bxe5 21. Qxg5 Qxg5 22. Bxg5 Bxb2 23. Ra2 Bg7 24. Rd1 Bxb5 25. axb5 Bd4 26. d6 1-0

[Event "Mayors Cup Open"]
[Site "Mumbai IND"]
[Date "2008.05.19"]
[Round "11"]
[White "Ramakrishna, J."]
[Black "Rathnakaran, K."]
[Result "0-1"]
[WhiteElo "2300"]
[BlackElo "2488"]
[PlyCount "64"]
[EventDate "2008.05.11"]
[Source "www.chesslib.no"]
[SourceDate "2004.05.04"]

1. d4 Nf6 2. c4 c5 3. d5 e6 4. Nc3 exd5 5. cxd5 d6 6. Nf3 g6 7. Nd2 a6 8. a4 Nbd7 9. Nc4 Nb6 10. e4 Nxc4 11. Bxc4 Bg7 12. O-O O-O 13. Bg5 h6 14. Bh4 Re8 15. f3 Bd7 16. Bf2 Nh5 17. Qd2 g5 18. Rfe1 Nf4 19. a5 Qf6 20. Rab1 Rab8 21. Nd1 b5 22. axb6 Rxb6 23. Qa5 Rb4 24. Qxa6 Nxg2 25. Kxg2 Bh3+ 26. Kg1 Qxf3 27. Bf1 Qg4+ 28. Bg3 Bd4+ 29. Nf2 Rb3 30. Bd3 h5 31. Qa4 Rxd3 32. Qxe8+ Kg7 0-1

[Event "Toulouse"]
[Site "Toulouse"]
[Date "1996.??.??"]
[Round "1"]
[White "Eliet, Nicolas"]
[Black "Kinsman, Andrew PH"]
[Result "1-0"]
[WhiteElo "2380"]
[BlackElo "2400"]
[PlyCount "93"]
[EventDate "1996.10.??"]
[Source "ChessBase"]

1. d4 Nf6 2. c4 c5 3. d5 e6 4. Nc3 exd5 5. cxd5 d6 6. Nf3 g6 7. Nd2 Bg7 8. Nc4 O-O 9. Bg5 Qe7 10. Qd2 b6 11. Qf4 Rd8 12. f3 Ba6 13. e4 b5 14. Nd2 b4 15. Nd1 h6 16. Bxf6 Bxf6 17. Qe3 Bxf1 18. Kxf1 Nd7 19. Nc4 Ne5 20. Rc1 Re8 21. Rc2 h5 22. Qe2 a5 23. Nde3 a4 24. Rc1 Nxc4 25. Nxc4 a3 26. bxa3 bxa3 27. g3 Bd4 28. Kg2 f5 29. Rhe1 h4 30. Qd3 Qf6 31. exf5 gxf5 32. f4 Kh8 33. Qf3 Qg6 34. Rb1 Re4 35. Nd2 Rxe1 36. Rxe1 hxg3 37. hxg3 Re8 38. Rxe8+ Qxe8 39. Nc4 Qe1 40. Qh5+ Kg7 41. Qg5+ Kh8 42. Qh6+ Kg8 43. Qe6+ Qxe6 44. dxe6 d5 45. e7 Kf7 46. Nd6+ Kxe7 47. Nxf5+ 1-0

[Event "Cataluna por Equipos"]
[Site "?"]
[Date "1998.09.13"]
[Round "7"]
[White "Olbrich, Joachim"]
[Black "Brauer, Volker"]
[Result "1-0"]
[WhiteElo "2450"]
[BlackElo "2260"]
[PlyCount "77"]
[EventDate "1998.??.??"]
[Source "www.chesslib.no"]
[SourceDate "2004.05.04"]

1. d4 Nf6 2. c4 c5 3. d5 e6 4. Nc3 exd5 5. cxd5 d6 6. Nf3 g6 7. Nd2 Bg7 8. Nc4 O-O 9. Bg5 h6 10. Bh4 a6 11. a4 Qc7 12. e3 Nbd7 13. Be2 Nb6 14. Na3 Bd7 15. O-O Nxa4 16. Nxa4 b5 17. Nc3 b4 18. Bxf6 Bxf6 19. Ne4 Bxb2 20. Nc4 Bxa1 21. Qxa1 f5 22. Nf6+ Kf7 23. Nh7 Bb5 24. Qf6+ Kg8 25. Nxf8 Rxf8 26. Qxg6+ Qg7 27. Qxd6 Qc3 28. Qg6+ Qg7 29. Qe6+ Kh7 30. d6 Qf7 31. Qxf7+ Rxf7 32. Ne5 Ra7 33. Bxb5 axb5 34. d7 Ra8 35. Nc6 b3 36. d8=Q Rxd8 37. Nxd8 c4 38. Rb1 b4 39. Nc6 1-0

[Event "Barcelona UGA"]
[Site "Barcelona"]
[Date "1994.??.??"]
[Round "4"]
[White "Moran, Augusto"]
[Black "Lacasa, JA."]
[Result "1/2-1/2"]
[WhiteElo "2415"]
[BlackElo "2295"]
[PlyCount "42"]
[EventDate "1994.??.??"]
[Source "www.chesslib.no"]
[SourceDate "2004.05.04"]

1. d4 Nf6 2. c4 c5 3. d5 e6 4. Nc3 exd5 5. cxd5 d6 6. Nf3 g6 7. Nd2 Bg7 8. Nc4 O-O 9. Bg5 h6 10. Bf4 b6 11. a4 Na6 12. Bxd6 Re8 13. e3 Nb4 14. Be2 Ba6 15. Nb5 Bxb5 16. axb5 a6 17. O-O Ne4 18. Bf4 g5 19. Bg3 axb5 20. Rxa8 Qxa8 21. Na3 Nxg3 1/2-1/2

[Event "Haarlem AKN op"]
[Site "Haarlem"]
[Date "1998.??.??"]
[Round "5"]
[White "Barsov, Alexei"]
[Black "Bezemer, Arno"]
[Result "1-0"]
[WhiteElo "2465"]
[BlackElo "2240"]
[PlyCount "105"]
[EventDate "1998.07.01"]
[Source "www.chesslib.no"]
[SourceDate "2004.05.04"]

1. d4 Nf6 2. c4 c5 3. d5 e6 4. Nc3 exd5 5. cxd5 d6 6. Nf3 g6 7. Nd2 Bg7 8. Nc4 O-O 9. Bf4 b6 10. e3 Ba6 11. Bxd6 Re8 12. Bg3 Nh5 13. a4 Nxg3 14. hxg3 Bb7 15. Nb5 Bxd5 16. Nbd6 Be6 17. Nxe8 Qxe8 18. Qc1 Bd5 19. f3 Nc6 20. Kf2 Ne5 21. Ra2 Rd8 22. b3 h5 23. Nxe5 Qxe5 24. Bc4 Bxc4 25. Qxc4 Re8 26. Re2 Rd8 27. Rc1 Qd6 28. Rcc2 Qd1 29. Re1 Qd6 30. f4 Bf6 31. Qe4 Kg7 32. Kg1 Rd7 33. Kh2 Qd3 34. Qc4 Qxc4 35. Rxc4 Rd3 36. b4 cxb4 37. Rxb4 Ra3 38. Re2 Bc3 39. Rc4 Bf6 40. e4 Be7 41. Rc7 Bc5 42. Rxa7 Ra1 43. g4 b5 44. Ra5 Bg1+ 45. Kh3 hxg4+ 46. Kxg4 bxa4 47. e5 Bb6 48. Rb5 Bd4 49. Rd5 Bc3 50. Rc2 Bb4 51. Rb5 Bf8 52. Rb7 a3 53. e6 1-0

[Event "BL2-West 0102"]
[Site "Germany"]
[Date "2002.01.20"]
[Round "4.6"]
[White "Siebrecht, Sebastian"]
[Black "Drollinger, Dennis"]
[Result "1-0"]
[WhiteElo "2414"]
[BlackElo "2290"]
[PlyCount "87"]
[EventDate "2001.10.07"]
[Source "ChessBase"]
[SourceDate "2002.07.08"]

1. d4 Nf6 2. c4 c5 3. d5 e6 4. Nc3 exd5 5. cxd5 d6 6. Nf3 g6 7. Nd2 Bg7 8. Nc4 O-O 9. Bf4 b6 10. Qd2 Ba6 11. Nxd6 Nh5 12. Nde4 Nxf4 13. Qxf4 Nd7 14. h4 h6 15. e3 Bxf1 16. Kxf1 Ne5 17. Rd1 c4 18. d6 f5 19. Nd2 Rc8 20. Qg3 Qxd6 21. Nxc4 Qe6 22. Na3 Rcd8 23. Ke2 f4 24. Qh3 Ng4 25. Rxd8 Rxd8 26. Rd1 Re8 27. Nd5 Bxb2 28. Nc4 Be5 29. Nxe5 Nxe5 30. Qxe6+ Rxe6 31. Nxf4 Rc6 32. Rd5 Ng4 33. Rd8+ Kf7 34. Rd7+ Ke8 35. Rxa7 Rc2+ 36. Kf3 Nh2+ 37. Ke4 Rxf2 38. Ke5 Kd8 39. Nd5 Kc8 40. Kd6 Kb8 41. Rh7 Rxa2 42. Nb4 Ra4 43. Nc6+ Kc8 44. Rc7# 1-0

[Event "4 Open"]
[Site "4 Bunratty Open"]
[Date "1995.??.??"]
[Round "?"]
[White "Baburin, Alexander E"]
[Black "Joyce, John"]
[Result "1-0"]
[WhiteElo "2490"]
[BlackElo "2205"]
[PlyCount "67"]
[EventDate "1995.??.??"]
[Source "www.chesslib.no"]
[SourceDate "2004.05.04"]

1. d4 Nf6 2. c4 c5 3. d5 e6 4. Nc3 exd5 5. cxd5 d6 6. Nf3 g6 7. Nd2 Bg7 8. Nc4 O-O 9. g3 b6 10. a4 Na6 11. Bg2 Ne8 12. O-O Nac7 13. Bd2 Rb8 14. Rb1 f5 15. b4 cxb4 16. Rxb4 Na6 17. Rb1 Nc5 18. Na5 Bb7 19. Nc6 Bxc6 20. dxc6 Rc8 21. Qc2 Nf6 22. Rfd1 Qe7 23. Bg5 Kh8 24. e3 Qe6 25. Bxf6 Rxf6 26. a5 bxa5 27. Rd2 g5 28. Rbd1 Qb3 29. Qxb3 Nxb3 30. Ra2 f4 31. Ne4 fxg3 32. Nxf6 gxh2+ 33. Kh1 Bxf6 34. Rxd6 1-0

[Event "Sao Paulo Communic 3rd"]
[Site "?"]
[Date "2003.??.??"]
[Round "9"]
[White "Lebredo Gerardo"]
[Black "Martinez Carlos Alejandro"]
[Result "1/2-1/2"]
[WhiteElo "2317"]
[BlackElo "2375"]
[PlyCount "26"]
[EventDate "2003.??.??"]
[Source "www.chesslib.no"]
[SourceDate "2004.05.04"]

1. d4 Nf6 2. c4 c5 3. d5 e6 4. Nc3 exd5 5. cxd5 d6 6. Nf3 g6 7. Nd2 Bg7 8. Nc4 O-O 9. Bg5 h6 10. Bh4 a6 11. a4 g5 12. Bg3 Ne8 13. e3 f5 1/2-1/2

[Event "BCSA Open"]
[Site "?"]
[Date "2003.07.18"]
[Round "2"]
[White "Magalashvili Davit"]
[Black "Kotanjian Tigran"]
[Result "1-0"]
[WhiteElo "2250"]
[BlackElo "2431"]
[PlyCount "71"]
[EventDate "2003.??.??"]
[Source "www.chesslib.no"]
[SourceDate "2004.05.04"]

1. d4 Nf6 2. c4 c5 3. d5 e6 4. Nc3 exd5 5. cxd5 d6 6. Nf3 g6 7. Nd2 Na6 8. Nc4 Nc7 9. a4 b6 10. Bg5 h6 11. Bh4 g5 12. Bg3 Nh5 13. e3 Nxg3 14. hxg3 Ba6 15. Qf3 Bg7 16. Rb1 Qe7 17. Ne4 O-O-O 18. g4 Kb8 19. Ng3 Qd7 20. Qd1 Bb7 21. Nf5 Bf8 22. e4 Re8 23. f3 Bxd5 24. Kf2 Be6 25. a5 Qc6 26. axb6 axb6 27. b4 cxb4 28. Rc1 d5 29. Ncd6 Qd7 30. Qd4 Na8 31. Nxe8 Qxe8 32. Qe5+ Kb7 33. exd5 Bxf5 34. Qxe8 Bc5+ 35. Rxc5 Rxe8 36. Rb5 1-0

[Event "Ruhrgebiet"]
[Site "?"]
[Date "2004.05.02"]
[Round "9.1"]
[White "Kitte Sebastian"]
[Black "Janssen Ruud"]
[Result "1-0"]
[WhiteElo "2267"]
[BlackElo "2388"]
[PlyCount "105"]
[EventDate "2004.??.??"]
[Source "www.chesslib.no"]
[SourceDate "2004.05.04"]

1. d4 Nf6 2. c4 c5 3. d5 e6 4. Nc3 exd5 5. cxd5 d6 6. Nf3 g6 7. Nd2 Bg7 8. Nc4 O-O 9. Bg5 Qd7 10. e3 b5 11. Qf3 Ne8 12. Nd2 b4 13. Nd1 h6 14. Bf4 g5 15. Bg3 f5 16. Bc4 Qf7 17. O-O Nd7 18. a3 f4 19. exf4 gxf4 20. Bh4 Ne5 21. Qe2 Ng6 22. Bd8 Bf5 23. Ba5 Nf6 24. axb4 Rae8 25. Qf3 Ne5 26. Qb3 Qg6 27. Bb5 Rb8 28. Be2 Kh8 29. b5 Bc2 30. Qa2 Be4 31. Nxe4 Nxe4 32. f3 Ng3 33. hxg3 fxg3 34. Nf2 gxf2+ 35. Rxf2 Ng4 36. fxg4 Rxf2 37. Kxf2 Bd4+ 38. Ke1 Re8 39. Qc4 Qxg4 40. Bc3 Qg3+ 41. Kd1 Re4 42. Qd3 Qe5 43. Ra4 Re3 44. Qd2 Kg8 45. Bxd4 cxd4 46. Rxd4 h5 47. Rd3 Re4 48. Bf3 Ra4 49. Qc3 Qf4 50. Re3 Qf5 51. Qd3 Qg5 52. Re8+ Kg7 53. Qe3 1-0

[Event "Buenos Aires Club Argentino"]
[Site "Buenos Aires"]
[Date "1975.??.??"]
[Round "3"]
[White "Garcia, Raimundo"]
[Black "Kostka, Alexander"]
[Result "1-0"]
[WhiteElo "2455"]
[BlackElo "2200"]
[PlyCount "35"]
[EventDate "1975.??.??"]
[Source "ChessBase"]

1. d4 Nf6 2. c4 c5 3. d5 e6 4. Nc3 exd5 5. cxd5 d6 6. Nf3 g6 7. Nd2 Na6 8. Nc4 Nc7 9. a4 b6 10. e4 Ba6 11. Bg5 Bxc4 12. Bxc4 Be7 13. e5 Ng8 14. Bf4 dxe5 15. Bxe5 f6 16. d6 fxe5 17. dxc7 Qd4 18. Qf3 1-0

[Event "UKR Ch"]
[Site "?"]
[Date "2003.11.06"]
[Round "3"]
[White "Dmitrenko Viktor"]
[Black "Arutyunova Diana"]
[Result "1/2-1/2"]
[WhiteElo "2380"]
[BlackElo "2264"]
[PlyCount "59"]
[EventDate "2003.??.??"]
[Source "www.chesslib.no"]
[SourceDate "2004.05.04"]

1. d4 Nf6 2. c4 c5 3. d5 e6 4. Nc3 exd5 5. cxd5 d6 6. Nf3 g6 7. Nd2 Bg7 8. Nc4 O-O 9. Bf4 b6 10. Bxd6 Re8 11. e3 Ba6 12. Bg3 Ne4 13. Nxe4 Rxe4 14. Qc2 Qxd5 15. Rd1 Qc6 16. Rd6 Qe8 17. Be2 Nc6 18. Nd2 Rd4 19. Bxa6 Nb4 20. Qb3 Nxa6 21. Nc4 Qe4 22. O-O Rxc4 23. Rfd1 Rf8 24. Qb5 Nc7 25. Qd7 Ne6 26. Qxa7 Bxb2 27. Qxb6 Be5 28. Rxe6 Qc2 29. Rf1 Rb4 30. Qa6 1/2-1/2

[Event "4th Open C Women"]
[Site "Moscow RUS"]
[Date "2008.02.08"]
[Round "7"]
[White "Javakhishvili, L."]
[Black "Kharmunova, N."]
[Result "1-0"]
[WhiteElo "2470"]
[BlackElo "2170"]
[PlyCount "77"]
[EventDate "2008.02.02"]
[Source "www.chesslib.no"]
[SourceDate "2004.05.04"]

1. d4 Nf6 2. c4 c5 3. d5 e6 4. Nc3 exd5 5. cxd5 d6 6. Nf3 g6 7. Nd2 Bg7 8. Nc4 O-O 9. Bg5 Re8 10. Qd2 a6 11. Qf4 Nh5 12. Bxd8 Nxf4 13. Bh4 Bf8 14. Nb6 Ra7 15. Nxc8 Rxc8 16. g4 Nd7 17. e3 g5 18. Bxg5 Ng6 19. e4 b5 20. Be3 Re8 21. f3 Nb6 22. Kf2 b4 23. Nd1 Bg7 24. h4 a5 25. Rc1 Rb8 26. h5 Ne5 27. Rg1 Na4 28. Rg2 Re7 29. g5 Nb6 30. f4 Ned7 31. Kf3 Rbe8 32. Bd3 c4 33. Bb1 a4 34. f5 Ne5+ 35. Kf2 Rb7 36. f6 Bh8 37. Bd4 h6 38. Ne3 hxg5 39. Nf5 1-0

[Event "VCN SchaakFestival"]
[Site "Soest"]
[Date "1999.05.16"]
[Round "6"]
[White "Van der Erf, Remco"]
[Black "De Haan, Eric"]
[Result "1/2-1/2"]
[WhiteElo "2279"]
[BlackElo "2340"]
[PlyCount "30"]
[EventDate "1999.05.14"]
[Source "www.chesslib.no"]
[SourceDate "2004.05.04"]

1. d4 Nf6 2. c4 c5 3. d5 e6 4. Nc3 exd5 5. cxd5 d6 6. Nf3 g6 7. Nd2 Bg7 8. Nc4 O-O 9. Bg5 b6 10. e3 Ba6 11. a4 h6 12. Bh4 Qe7 13. Rc1 Nbd7 14. b3 g5 15. Bg3 Ne8 1/2-1/2

[Event "GEO-ch (Women) 59th"]
[Site "?"]
[Date "2002.04.20"]
[Round "10"]
[White "Javakhishvili Lela"]
[Black "Tereladze Sopiko"]
[Result "1-0"]
[WhiteElo "2367"]
[BlackElo "2223"]
[PlyCount "77"]
[EventDate "2002.??.??"]
[Source "www.chesslib.no"]
[SourceDate "2004.05.04"]

1. d4 Nf6 2. c4 c5 3. d5 e6 4. Nc3 exd5 5. cxd5 d6 6. Nf3 g6 7. Nd2 Bg7 8. Nc4 O-O 9. Bg5 Qe7 10. Qd2 Nbd7 11. Qf4 Nb6 12. Nxb6 axb6 13. e3 h6 14. Bxf6 Bxf6 15. Bd3 Bg7 16. O-O f5 17. Nb5 Rd8 18. Qg3 g5 19. f4 g4 20. Nc3 Re8 21. Rfe1 Bf6 22. Qf2 Bd7 23. Qc2 Rf8 24. e4 g3 25. hxg3 Bd4+ 26. Kf1 Qg7 27. Ne2 fxe4 28. Bxe4 Bb5 29. Bd3 Bxd3 30. Qxd3 Bxb2 31. Rab1 Rxa2 32. Qe4 Kh8 33. Qe6 Bd4 34. Rxb6 Qxg3 35. Qxh6+ Kg8 36. Nxg3 Rf2+ 37. Kg1 Re2+ 38. Kh2 Rxe1 39. Rxb7 1-0

[Event "3. Savaria Summer Open"]
[Site "?"]
[Date "2003.07.22"]
[Round "4"]
[White "Kovacs Tamas"]
[Black "Feletar Darko"]
[Result "1/2-1/2"]
[WhiteElo "2168"]
[BlackElo "2420"]
[PlyCount "93"]
[EventDate "2003.??.??"]
[Source "www.chesslib.no"]
[SourceDate "2004.05.04"]

1. d4 Nf6 2. c4 c5 3. d5 e6 4. Nc3 exd5 5. cxd5 d6 6. Nf3 g6 7. Nd2 Bg7 8. e4 O-O 9. Bd3 Re8 10. O-O Nbd7 11. Nc4 Ne5 12. Nxe5 Rxe5 13. f3 Re8 14. Bg5 a6 15. a4 Rb8 16. Qd2 Qc7 17. Rfc1 Nd7 18. Rab1 Qa5 19. Ra1 Ne5 20. Kf1 f5 21. Ra2 Bd7 22. h3 Rbc8 23. Kg1 Nf7 24. exf5 Bxf5 25. g4 Bd7 26. Ne4 Qxd2 27. Bxd2 Be5 28. b3 Kg7 29. Bc4 Bd4+ 30. Kg2 Ra8 31. Bf4 Be5 32. Be3 Kg8 33. Bd2 b5 34. Bc3 Bxc3 35. Rxc3 Kg7 36. Bf1 bxa4 37. bxa4 Reb8 38. Re3 Ra7 39. Be2 Rb4 40. Nc3 Kf8 41. Kg3 Bc8 42. Ne4 Kg7 43. Nc3 Kf8 44. Ne4 Bd7 45. Nc3 Rb3 46. Bc4 Rb4 47. Be2 1/2-1/2

[Event "4th Open C Women"]
[Site "Moscow RUS"]
[Date "2008.02.06"]
[Round "5"]
[White "Javakhishvili, L."]
[Black "Dobrzhanskaya, I."]
[Result "1-0"]
[WhiteElo "2470"]
[BlackElo "2087"]
[PlyCount "53"]
[EventDate "2008.02.02"]
[Source "www.chesslib.no"]
[SourceDate "2004.05.04"]

1. d4 Nf6 2. c4 c5 3. d5 e6 4. Nc3 exd5 5. cxd5 d6 6. Nf3 g6 7. Nd2 Bg7 8. Nc4 O-O 9. Bg5 Re8 10. Qd2 b6 11. Qf4 Nh5 12. Bxd8 Nxf4 13. Bh4 g5 14. Nxd6 Bxc3+ 15. bxc3 Re5 16. Bg3 Bd7 17. c4 Na6 18. e3 Re7 19. O-O-O Ng6 20. h4 h6 21. hxg5 hxg5 22. Bd3 Nb4 23. Bb1 Ne5 24. a3 Na6 25. Rh5 Ng6 26. Rxg5 Kf8 27. Nxf7 1-0

[Event "BL2-S 9394"]
[Site "GER"]
[Date "1993.??.??"]
[Round "?"]
[White "Gabriel, Robert"]
[Black "Meissner, Bernd-Guenther"]
[Result "1-0"]
[WhiteElo "2260"]
[BlackElo "2285"]
[PlyCount "55"]
[EventDate "1993.10.??"]
[Source "www.chesslib.no"]
[SourceDate "2004.05.04"]

1. d4 Nf6 2. c4 c5 3. d5 e6 4. Nc3 exd5 5. cxd5 d6 6. Nf3 g6 7. Nd2 Bg7 8. Nc4 O-O 9. Bf4 Nbd7 10. Bxd6 Re8 11. e3 Nb6 12. Bxc5 Nxc4 13. Bxc4 Qc7 14. b4 Ne4 15. Nxe4 Bxa1 16. d6 Qd8 17. Qxa1 Rxe4 18. Bd5 Rh4 19. Qe5 Rh5 20. Qe7 Be6 21. Bxb7 Qb8 22. d7 Rd5 23. Bxd5 Bxd5 24. O-O Qd8 25. Rd1 Bc6 26. Qe5 Qh4 27. Be7 Qg4 28. d8=Q+ 1-0